000 00582nam a2200217Ia 4500
003 OSt
005 20220918192751.0
006 a|||||r|||| 00| 0
007 ta
008 220917b |||||||| |||| 00| 0 eng d
024 _a70,177
037 _cTextual
040 _aARTS
_cARTS
_beng
041 _2eng
_aeng
082 _aR33, G0
100 _aDakshinaranjan Shastri
_980113
245 0 _aShort history of Indian materialsim sensationalism and hedonism , etc
260 _c1930
942 _hR33, G0
_cTEXL
_2CC
999 _c196276
_d196276